01127cam a2200277 a 450000100100000000500170001000800410002701000130006804000230008104100110010404300120011505000250012713000580015224500990021025000110030926000450032030000290036550000640039450000910045850400300054965100770057965100560065665100450071271000700075708200220082700001452120200929163850.0840314t19721971mx a b 000 0 spa  a84133931 aDO-SdBNPcDLCdDLC1 aspaeng ad------00aHB884b.P665518 19720 aPopulation growth and economic development.lSpanish.10aCrecimiento de poblacion y desarrollo economico /c[traductor, Modesto Rodriguez de la Torre]. a1a ed. aMexico :bEditorial Diana,c1972, c1971. a213 p. :bill. ;c23 cm. aTranslation of: Population growth and economic development. aAt head of title: TEMPO, Centro de Estudios Avanzados de la Compania General Electric. aBibliography: p. 205-207. 0aDeveloping CountriesxPopulationxEconomic AspectsxMathematical Models. 0aDeveloping CountriesxPopulationxEconomic Aspects. 0aDeveloping CountriesxPopulation Policy.2 aGeneral Electric Company.bTechnical Military Planning Operation.00a304.6/09172/4219